Frans Snyders : Stilleben- und Tiermaler; 1579 - 1657
Saved in:
| Main Author: | |
|---|---|
| Other Authors: | |
| Document Type: | Book |
| Language: | German |
| Published: |
München
: Dt. Kunstverlag
, 1989
|
| Subjects: | |
| Online Access: | Inhaltsverzeichnis Inhaltsverzeichnis |
| Related Items: | Rezensiert in:
[Rezension von: Hella Robels, Frans Snyders, Stilleben- und Tiermaler, 1579-1657] |
| Author Notes: | Hella Robels |
| LEADER | 04663cam a2201069 c 4500 | ||
|---|---|---|---|
| 001 | 27516036X | ||
| 003 | DE-627 | ||
| 005 | 20260613204646.0 | ||
| 007 | tu | ||
| 008 | 891109s1989 gw ||||| 00| ||ger c | ||
| 015 | |a 89,N43,0361 |2 dnb | ||
| 015 | |a 90,A09,0763 |2 dnb | ||
| 016 | 7 | |a 891554246 |2 DE-101 | |
| 020 | |a 3422060529 |9 3-422-06052-9 | ||
| 035 | |a (DE-627)27516036X | ||
| 035 | |a (DE-603)011429550 | ||
| 035 | |a (DE-576)018997325 | ||
| 035 | |a (DE-599)GBV27516036X | ||
| 035 | |a (OCoLC)246557434 | ||
| 035 | |a (OCoLC)28291118 | ||
| 040 | |a DE-627 |b ger |c DE-627 |e rakwb | ||
| 041 | |a ger | ||
| 044 | |c XA-DE | ||
| 050 | 0 | |a ND673.S57 | |
| 082 | 0 | |a 759.9493 | |
| 084 | |a 46 |2 sdnb | ||
| 084 | |a 9,10 |2 ssgn | ||
| 084 | |a LI 84360 |2 rvk |0 (DE-625)rvk/97151: | ||
| 084 | |a 21.13 |2 bkl | ||
| 084 | |a 20.22 |2 bkl | ||
| 084 | |a 20.31 |2 bkl | ||
| 100 | 1 | |a Robels, Hella |d 1922-2002 |0 (DE-588)129978817 |0 (DE-627)485304058 |0 (DE-576)162746458 |4 aut | |
| 245 | 1 | 0 | |a Frans Snyders |b Stilleben- und Tiermaler; 1579 - 1657 |c Hella Robels |
| 246 | 3 | 3 | |a Frans Snyders |
| 264 | 1 | |a München |b Dt. Kunstverlag |c 1989 | |
| 300 | |a 592 S. |b Ill. | ||
| 336 | |a Text |b txt |2 rdacontent | ||
| 337 | |a ohne Hilfsmittel zu benutzen |b n |2 rdamedia | ||
| 338 | |a Band |b nc |2 rdacarrier | ||
| 500 | |a Literaturverz. S. 529 - 542 | ||
| 583 | 1 | |a Archivierung/Langzeitarchivierung gewährleistet |f SSG |x XA-DE-BW |2 pdager |5 DE-16 | |
| 600 | 1 | 7 | |0 (DE-588)118748602 |0 (DE-627)233355545 |0 (DE-576)165981830 |a Snyders, Frans |d 1579-1657 |2 gnd |
| 600 | 1 | 4 | |a Snijders, Frans |
| 650 | 0 | 7 | |0 (DE-588)4037220-0 |0 (DE-627)10623871X |0 (DE-576)209022892 |a Malerei |2 gnd |
| 650 | 0 | 7 | |0 (DE-588)4057577-9 |0 (DE-627)106150502 |0 (DE-576)209122560 |a Stillleben |2 gnd |
| 650 | 0 | 7 | |0 (DE-588)4117216-4 |0 (DE-627)105800929 |0 (DE-576)20950806X |a Tierdarstellung |2 gnd |
| 650 | 4 | |a Stilleben | |
| 653 | 0 | |a Snyders, Frans |a 1579-1657 |a Catalogs | |
| 655 | 7 | |a Werkverzeichnis |0 (DE-588)4189680-4 |0 (DE-627)104464909 |0 (DE-576)210061456 |2 gnd-content | |
| 689 | 0 | 0 | |d p |0 (DE-588)118748602 |0 (DE-627)233355545 |0 (DE-576)165981830 |a Snyders, Frans |d 1579-1657 |2 gnd |
| 689 | 0 | 1 | |d s |0 (DE-588)4037220-0 |0 (DE-627)10623871X |0 (DE-576)209022892 |a Malerei |2 gnd |
| 689 | 0 | 2 | |d s |0 (DE-588)4057577-9 |0 (DE-627)106150502 |0 (DE-576)209122560 |a Stillleben |2 gnd |
| 689 | 0 | |5 DE-101 | |
| 689 | 1 | 0 | |d p |0 (DE-588)118748602 |0 (DE-627)233355545 |0 (DE-576)165981830 |a Snyders, Frans |d 1579-1657 |2 gnd |
| 689 | 1 | 1 | |d s |0 (DE-588)4037220-0 |0 (DE-627)10623871X |0 (DE-576)209022892 |a Malerei |2 gnd |
| 689 | 1 | 2 | |d s |0 (DE-588)4117216-4 |0 (DE-627)105800929 |0 (DE-576)20950806X |a Tierdarstellung |2 gnd |
| 689 | 1 | |5 DE-101 | |
| 689 | 2 | 0 | |d p |0 (DE-588)118748602 |0 (DE-627)233355545 |0 (DE-576)165981830 |a Snyders, Frans |d 1579-1657 |2 gnd |
| 689 | 2 | 1 | |d s |0 (DE-588)4037220-0 |0 (DE-627)10623871X |0 (DE-576)209022892 |a Malerei |2 gnd |
| 689 | 2 | 2 | |d s |0 (DE-588)4057577-9 |0 (DE-627)106150502 |0 (DE-576)209122560 |a Stillleben |2 gnd |
| 689 | 2 | |5 DE-101 | |
| 689 | 3 | 0 | |d p |0 (DE-588)118748602 |0 (DE-627)233355545 |0 (DE-576)165981830 |a Snyders, Frans |d 1579-1657 |2 gnd |
| 689 | 3 | 1 | |d s |0 (DE-588)4037220-0 |0 (DE-627)10623871X |0 (DE-576)209022892 |a Malerei |2 gnd |
| 689 | 3 | 2 | |d s |0 (DE-588)4117216-4 |0 (DE-627)105800929 |0 (DE-576)20950806X |a Tierdarstellung |2 gnd |
| 689 | 3 | |5 DE-101 | |
| 700 | 1 | |a Snyders, Frans |d 1579-1657 |e Ill. |0 (DE-588)118748602 |0 (DE-627)233355545 |0 (DE-576)165981830 |4 ill | |
| 787 | 0 | 8 | |i Rezensiert in |a Koslow, Susan, 1941 - |t [Rezension von: Hella Robels, Frans Snyders, Stilleben- und Tiermaler, 1579-1657] |d 1992 |w (DE-627)1861123868 |
| 856 | 4 | 2 | |u http://d-nb.info/891554246/04 |m B:DE-101 |q application/pdf |3 Inhaltsverzeichnis |7 1 |
| 856 | 4 | 2 | |u http://scans.hebis.de/HEBCGI/show.pl?01142955_toc.pdf |m V:DE-605;X:Imageware |q application/pdf |3 Inhaltsverzeichnis |7 1 |
| 889 | |w (DE-627)026805162 | ||
| 935 | |i mdedup | ||
| 935 | |i Blocktest | ||
| 936 | r | v | |a LI 84360 |b Snyders, Franz |k Kunstgeschichte |k Künstler-Monografien |k Alphabetische Künstlerliste |k Künstler S |k Snyders, Franz |0 (DE-627)127114056X |0 (DE-625)rvk/97151: |0 (DE-576)20114056X |
| 936 | b | k | |a 21.13 |j Tafelmalerei |0 (DE-627)106421778 |
| 936 | b | k | |a 20.22 |j Natur |x Ikonographie |0 (DE-627)106406345 |
| 936 | b | k | |a 20.31 |j Bildende Künstler |0 (DE-627)181571080 |
| 936 | s | n | |a l300 |2 mzub |
| 951 | |a BO | ||
| 990 | |a Snyders, Frans | ||
| 990 | |a Malerei | ||
| 990 | |a Stillleben | ||
| 990 | |a Snyders, Frans | ||
| 990 | |a Malerei | ||
| 990 | |a Tierdarstellung | ||
| 990 | |a Snyders, Frans | ||
| 990 | |a Malerei | ||
| 990 | |a Stillleben | ||
| 990 | |a Snyders, Frans | ||
| 990 | |a Malerei | ||
| 990 | |a Tierdarstellung | ||
| 991 | |a Rezensiertes Werk | ||
| 999 | |a KXP-PPN27516036X |e 4460013711 | ||


